The abundence spread within globular clusters (Record no. 9700)

MARC details
000 -LEADER
fixed length control field 01097nam a2200229Ia 4500
003 - CONTROL NUMBER IDENTIFIER
control field IN-BaIIA
008 - FIXED-LENGTH DATA ELEMENTS--GENERAL INFORMATION
fixed length control field 211028s9999 xx 000 0 eng d
040 ## - CATALOGING SOURCE
Transcribing agency IIA Library
080 ## - UNIVERSAL DECIMAL CLASSIFICATION NUMBER
Universal Decimal Classification number 524.47(082.2)
Item number THE
100 ## - MAIN ENTRY--PERSONAL NAME
Personal name De Strobel, G. Cayrel
9 (RLIN) 16396
111 ## - MAIN ENTRY--MEETING NAME
Meeting name or jurisdiction name as entry element Joint Commission Meeting No. 5 and Commission Meeting 37/3 on the Abundence Spread within Globular Clusters, Spectroscopy of Individual Stars
Number of part/section/meeting 5th
Location of meeting Baltimore, USA
Date of meeting or treaty signing 1988
9 (RLIN) 16397
245 #4 - TITLE STATEMENT
Title The abundence spread within globular clusters
Remainder of title proceedings of the joint commission meeting no. 5 and commission meeting 37/3 on the abundence spread within globular clusters, spectroscopy of individual stars, held in Baltimore, USA, 1988
Statement of responsibility, etc. G. De Strobel, M. Cayrel Spite and T. Lloyd Evans
260 ## - PUBLICATION, DISTRIBUTION, ETC.
Place of publication, distribution, etc. USA
Name of publisher, distributor, etc. International Astronomical Union
Date of publication, distribution, etc. 1988
300 ## - PHYSICAL DESCRIPTION
Extent vi, 106p.
650 ## - SUBJECT ADDED ENTRY--TOPICAL TERM
Topical term or geographic name entry element Astronomy and astrophysics thesaurus
650 ## - SUBJECT ADDED ENTRY--TOPICAL TERM
Topical term or geographic name entry element Globular clusters
9 (RLIN) 11420
650 ## - SUBJECT ADDED ENTRY--TOPICAL TERM
Topical term or geographic name entry element Spectroscopy
9 (RLIN) 1535
650 ## - SUBJECT ADDED ENTRY--TOPICAL TERM
Topical term or geographic name entry element Stars
700 ## - ADDED ENTRY--PERSONAL NAME
Personal name Evans, T Lloyd
9 (RLIN) 16398
700 ## - ADDED ENTRY--PERSONAL NAME
Personal name Spite, M
9 (RLIN) 16399
942 ## - ADDED ENTRY ELEMENTS (KOHA)
Koha item type Books
Holdings
Withdrawn status Lost status Damaged status Not for loan Home library Current library Shelving location Date acquired Total Checkouts Full call number Barcode Date last seen Price effective from Koha item type
        IIA Library-Bangalore IIA Library-Bangalore General Stacks     524.47(082.2)/ THE 10610 05/11/2021   Books

Powered by Koha